Statistics for Every Kirby Boss

Click here to take the quiz!

General Stats

  • This quiz has been taken 29 times
    (19 since last reset)
  • The average score is 64 of 138

Answer Stats

HintAnswer% Correct
Meta Knight
100%
Dream Land | Dream Land 2 | Kirby's Adventure | Return to Dream LandWhispy Woods
100%
King Dedede
92%
Kracko
77%
Magolor
77%
Dark Matter
69%
Dark Meta Knight
69%
Galacta Knight
69%
Nightmare
69%
Zero
69%
Miracle Matter
62%
Morpho Knight
62%
Susie
62%
Flamberge
54%
Lololo and Lalala
54%
Magolor Soul
54%
Mr. Shine & Mr. Bright
54%
Pon & Con
54%
Queen Sectonia
54%
The Crystal ShardsWaddle Doo
54%
Zan Partizanne
54%
Adeleine
46%
Ado
46%
Clanky Woods
46%
Clawroline
46%
Dark Daroach
46%
Dark Mind
46%
Dark Nebula
46%
Daroach
46%
Kirby: Triple DeluxeFlowery Woods
46%
Kirby and the Forgotten LandGorimondo
46%
Kabula
46%
The Amazing MirrorKing Golem
46%
Landia
46%
Lor
46%
Masked Dedede
46%
Mecha Knight+
46%
Mecha Knight
46%
Pix
46%
Shadow Dedede
46%
Sillydillo
46%
Star Dream
46%
Tropic Woods
46%
Void
46%
Void Soul
46%
Void Termina
46%
Fatty Puffer
38%
Francisca
38%
Goriath
38%
Grand Doomer
38%
HR-H
38%
Hyness
38%
Mecha Kracko
38%
Metal General
38%
Mr. Dooter
38%
President Haltmann
38%
Sweet Stuff
38%
Yggy Woods
38%
Dream Land 3Acro
31%
Coily Rattler
31%
Corrupt Hyness
31%
Dark Matter Clone
31%
Goldon $ Silvox
31%
Kirby Star AlliesGrand Mam
31%
Heavy Mole
31%
HR-D3
31%
Ice Dragon
31%
Magman
31%
Moley
31%
Mrs. Moley
31%
Nruff and Nelly
31%
Paint Roller
31%
Parallel BIg Kracko
31%
Parallel Dedede
31%
Parallel Meta Knight
31%
Parallel Twin Kracko
31%
Parallel Woods
31%
Pyribbit
31%
Sectonia Clone
31%
Shadow Kirby
31%
Soul of Sectonia
31%
Twin Kracko
31%
Bohboh
23%
Dedede Clone
23%
Gigavolt
23%
Holo- Coily Rattler
23%
Holo- Doomers
23%
Holo- Ice Dragon
23%
Holo- Kracko
23%
Master Hand & Crazy Hand
23%
Paintra
23%
Kirby Planet RobobotC. O. G. S.
15%
Dark Meta Knight's Revenge
15%
Gobbler
15%
Mega Titan
15%
Morpho Knight EX
15%
O2
15%
Stock Mecha Knight
15%
Wiz
15%
Yadogaine
15%
Core Kabula
8%
Gigavolt II
8%
Masked Dedede's Revenge
8%
Mecha Kawasaki
8%
Robo Dedede
8%
Waddle Tank
8%
Fleurina
0%
Wild Bonkers
0%
Wild Edge
0%
Wild Frosty
0%

Score Distribution

Percentile by Number Answered

Percent of People with Each Score

Your Score History

You have not taken this quiz since the last reset